Tanks of each country in World War 2 - Statistics

General Stats
  • This quiz has been taken 185 times
  • The average score is 6 of 15
Answer Stats
Hint Answer % Correct
USA m4 Sherman
91%
Canada m4 Sherman
91%
Germany Panzer 4
83%
Bulgaria Panzer 4
83%
Soviet Union t34/76
80%
Sweden Stridsvagn m 42
53%
Uk Cromwell
25%
Japan type 95 ha-go
16%
Australia Matilda 2
14%
Hungary Turan 1
14%
France Renault r35
10%
Poland tk-3
9%
Italy m13/40
8%
Yugoslavia Renault ft17
3%
Romania Lt vz-35
1%
No matching quizzes found
Score Distribution
Percent of People with Each Score
Percentile by Number Answered
Your Score History
You have not taken this quiz